000 00992nam a22002417a 4500
999 _c65780
_d65780
005 20240530110842.0
008 200912s2018 ua a f b 000 0dara d
017 _a2018/3875
_bمصر. دار الكتب
020 _a9789771813118
040 _aEG-CaGPL
_cEG-CaGPL
082 0 4 _221
_a962.1
_bق/ن د
100 0 _aناصرة عبدالمتجلى ابراهيم
245 1 2 _aالدقهلية فى العصر العثمانى /
_cتاليف ناصرة عبدالمتجلى ابراهيم
250 _aط.1
260 _aالقاهرة :
_bمطبعة دار الكتب و الوثائق القومية بالقاهرة ،
_c2018
300 _a378 ص. ؛
_c24 سم.
504 _aيشتمل على ارجاعات ببليوجرافية
650 _2qrmak
651 0 7 _2qrmak
_aالدقهلية
_xتاريخ
_yالعصر العثمانى
651 0 7 _aمصر
_xتاريخ
_yالعصر العثمانى
_2qrmak
942 _2ddc
_cBK